000 00412nam a2200145Ia 4500
008 100415s9999 xx 000 0 und d
082 _b13742
_a581
100 _aMukerjee NM
245 _aSystematic botany of flowering plants
260 _aAGRA
_c1951
_bBANWASI LAL JAIN
365 _b4
630 _aSystematic botany of flowering plants
730 _aSystematic botany of flowering plants
942 _cBOOK
999 _c596656
_d596653